000 00623cam a2200229 i 4500
001 4171901
005 20180205075248.0
008 790501s1980 njua b 001 0 eng
010 _a 79014013
020 _a0131978144
040 _aDLC
_cDLC
_dDLC
041 _aeng
043 _an-us---
080 _a658.401
082 0 0 _a658.401 ABE
100 1 _a54
101 _aLID
245 1 0 _aDefining the business :
_cDerek F. Abell.
504 _aIncludes bibliographical references and index.
906 _a7
_bcbc
_corignew
_d1
_eocip
_f19
_gy-gencatlg
942 _2ddc
_cBK
999 _c41791
_d41791